| 000 | 00641nam a2200193Ii 4500 | ||
|---|---|---|---|
| 003 | JO-AjNU | ||
| 008 | 230605s9999||||xx |||||||||||||| ||und|| | ||
| 040 |
_aJO-AjNU _bara _erda _cJO-AjNU |
||
| 041 | _aara | ||
| 050 | 1 | 4 | _aHM24 .M8 1959 |
| 100 | 3 |
_aعيسى، طلعت, _eauthor _935098 |
|
| 245 | 0 | 0 | _aسان سيمون |
| 264 | 3 | 1 | _aالقاهرة: دار المعارف للنشر، 1959 |
| 300 |
_a171ص _bيحتوي على ببلوغرافية من 163-171ص |
||
| 336 |
_atext _btxt _2rdacontent |
||
| 337 |
_aunmediated _bn _2rdamedia |
||
| 338 |
_avolume _bnc _2rdacarrier |
||
| 650 | 4 |
_aعلم الاجتماع - فلسفة _935099 |
|
| 999 |
_aA14456 _c18024 _d18024 |
||